Tools of change : New technology and the democratisation of work

Zapisane w:
Opis bibliograficzny
1. autor: Mathews, John
Format: Książka
Język:Undetermined
Wydane: Sidney Pluto Press 1989
Hasła przedmiotowe:
Etykiety: Dodaj etykietę
Nie ma etykietki, Dołącz pierwszą etykiete!
Thư viện lưu trữ: Trung tâm Học liệu Trường Đại học Cần Thơ
LEADER 00497nam a2200181Ia 4500
001 CTU_78163
008 210402s9999 xx 000 0 und d
082 |a 658.5 
082 |b M438 
100 |a Mathews, John 
245 0 |a Tools of change : 
245 0 |b New technology and the democratisation of work 
245 0 |c John Mathews 
260 |a Sidney 
260 |b Pluto Press 
260 |c 1989 
650 |a Technological innovations 
980 |a Trung tâm Học liệu Trường Đại học Cần Thơ